000 00384nam a2200157Ia 4500
003 Ost
005 20260225132558.0
008 260225s9999||||xx |||||||||||||| ||und||
040 _cfsic
041 _afre
082 _a302.23
100 _apaul noirot
_eAuteur
245 0 _aChaumage , pauvreté exclusions et si le capitalisme venant /
245 0 _cpaul noirot
942 _cكتاب
999 _c34591
_d34591